| 000 | 01118pam a2200373 ia4500 | ||
|---|---|---|---|
| 001 | vtls000889839 | ||
| 003 | PNM | ||
| 005 | 20210323103502.0 | ||
| 008 | 191106s2020 my a j 000 1 may | ||
| 015 | _aM20-03147 | ||
| 020 |
_a9789670975870 _cRM17.37 _qset |
||
| 020 |
_a9789670975917 _qpaperback |
||
| 039 | 9 |
_a202008151929 _bsiti _c202005201531 _dhema _c201911091609 _damy_z |
|
| 040 |
_aBNM _beng _cBNM _erda _dPPAK |
||
| 049 | _amal | ||
| 082 | 0 | 4 |
_223 _a899.2333 |
| 090 | 0 | 0 |
_a899.2333 _bAIN _dK |
| 100 | 0 |
_aAinun Marziah Isa, _d1970- _eauthor. |
|
| 245 | 1 | 0 |
_aRezeki Yang Berkat / _cAinun Marziah Isa |
| 264 | 1 |
_aKuching, Sarawak : _bAnugerah Publications, _c[2020?] |
|
| 300 |
_a30 pages : _bcolour illustrations ; _c22 cm. |
||
| 336 |
_atext _2rdacontent |
||
| 337 |
_aunmediated _2rdamedia |
||
| 338 |
_avolume _2rdacarrier |
||
| 490 | 1 | _aIktibar Zaman Silam | |
| 650 | 1 | 0 | _aChildren's stories, Malay |
| 650 | 2 | 0 | _aMalay fiction |
| 650 | 2 | 4 | _aDidactic fiction, Malay |
| 830 | 0 | _aIktibar zaman silam | |
| 942 |
_2ddc _cB |
||
| 949 | _62000723129 | ||
| 949 | _62000723128 | ||
| 949 | _62000723127 | ||
| 999 |
_c182856 _d182856 |
||